| 000 | 00614nam a22002057a 4500 | ||
|---|---|---|---|
| 999 |
_c2846 _d2846 |
||
| 003 | OSt | ||
| 005 | 20210722090214.0 | ||
| 008 | 210722b ||||| |||| 00| 0 eng d | ||
| 020 | _a 0412602504 | ||
| 020 | _a 9780412602504 | ||
| 040 | _cALUPE UNIVERSITY | ||
| 050 |
_aRM666 _b.I581997 |
||
| 100 | _a Robin Stuart-Harris; Ronald D Penny | ||
| 245 | _aClinical applications of the interferons | ||
| 260 |
_a London _bChapman & Hall Medical _c 1997. |
||
| 300 | _a420P | ||
| 500 | _aIndex incl | ||
| 650 | _a Interferon -- Therapeutic use. Interferon -- Mechanism of action. Interferon. | ||
| 942 |
_2lcc _cBK _nDO |
||